Quizzes
Events
Quiz Creation
Community
Videos
Private Events
Remove Ads
Sign In
Join for FREE
Feedback
Dark Mode
Quiz Categories
Sports
Geography
Music
Movies
Television
Just For Fun
Miscellaneous
History
Literature
Language
Science
Gaming
Entertainment
Religion
Holiday
For Kids
Quiz Lab
Recent
Popular Today
Quiz Kudos Today
Editor Picks
Curator Picks
Quizzes by...
Day
Popularity
Type
Ratings
Length
Year
Community
Subscriptions
Recent Discussions
Orange Saloon
Badges
Playlists
Quests
Create
Leaderboards
Showdown
Live 5
Trivia Bingo
Activity
Puzzle Library
Sporcle Events
Private Events
Virtual Trivia
Globe League
Become a Host
Pub Owners
SporcleCon
Opinionation
Our Games
Videos
Blog
Mobile Apps
Partnerships
Remove Ads and Go Orange
Feedback
Sports
Athletes
MLB
NBA
NHL
NFL
Soccer
Sports Teams
WWE
NCAA
Football
Premier League
Basketball
Baseball
Hockey
Golf
Tennis
Cricket
Rugby
Auto Racing
Olympics
World Cup
Sports
Athletes
MLB
NBA
NHL
NFL
Soccer
Sports Teams
WWE
NCAA
Football
Premier League
Basketball
Baseball
Hockey
Golf
Tennis
Cricket
Rugby
Auto Racing
Olympics
World Cup
Random Quiz
Search Sporcle
×
Quiz Lab
Quiz Lab
Sports
City
Type in answers that appear in a list
Type in answers that appear in a list
Classic
Best Score? Go Orange.
Leicester City FC first team squad Stats
Can you name the Leicester City FC current first team squad
By
Dan1996
12m
27 Questions
349 Plays
349 Plays
349 Plays
Comments
Comments
Give Quiz Kudos
Give Quiz Kudos
-
- Ratings
hide this ad
Replay
Link that replays current quiz
Next Quiz
Link to next quiz in quiz playlist
You Got
0%
They Got
Avg Score
69%
Avg Friend Score
Upgrade to see
Score Distribution
Jump to the score distribution portion of the page
Score
0/27
Timer
12:00
0
Plays Today
Squad number
Player
% Correct
9
Jamie Vardy
96.6%
10
James Maddison
93.6%
1
Danny Ward
92%
7
Harvey Barnes
89.4%
6
Jonny Evans
87.7%
8
Youri Tielemans
87.6%
3
Wout Faes
86.2%
4
Çağlar Söyüncü
85.7%
2
James Justin
81.1%
5
Ryan Bertrand
81.1%
27
Timothy Castagne
80.9%
25
Wilfred Ndidi
80.2%
31
Daniel Iversen
77.6%
21
Ricardo Pereira
76.5%
Squad number
Player
% Correct
20
Patson Daka
74.7%
14
Kelechi Iheanacho
73.8%
16
Victor Kristiansen
72%
26
Dennis Praet
66.7%
33
Luke Thomas
62.6%
24
Nampalys Mendy
61.1%
12
Alex Smithies
61%
42
Boubakary Soumaré
60%
22
Kiernan Dewsbury-Hall
58.8%
23
Jannik Vestergaard
57.6%
18
Daniel Amartey
51.5%
37
Tetê
46.2%
15
Harry Souttar
42.3%
Quiz Playlist
Details
Report
Send in Message
Add To Playlist
Classic:
Type in answers that appear in a list
Last Updated: Feb 2, 2019
Quiz Scoreboard
CHALLENGE
Sign Up to Join the Scoreboard
Show All
Scores
Hide
Comments
May contain spoilers
Recently Published
Movies - When Are They Set?
by FPL_Elf
Movies
5m
Popular People in 1961
by mucciniale
History
6m
1-10 Letter E Words III
by El_Dandy
Language
2m
More to Explore
Quiz From the Vault
Featured Blog Post
Where Did the Easter Bunny Come From?
hide this ad
You Might Also Like...
Tags
City Quiz
Leicester
Leicester City
Player
Squad
team
Today's Top Quizzes in Sports
Browse Sports
hide this ad
Today's Top Quizzes in City
Browse City
Top Contributed Quizzes in Sports
1
Les meilleurs buteurs des matchs entre le PSG et l’OM
2
Les entraîneurs de l'OM et du PSG au 21e siècle
3
FIFA Club World Cup Champions
4
2022 World Cup Stars
5
Name the Premier League winners with different clubs
6
La finale Lions - Afrique du Sud 2021
7
Criteria MLB: Left Handed Sluggers
8
Players with Multiple 50 Home Run Seasons
9
MLB Players with Two .350 Batting Average Seasons
10
MLB Hall of Famer by Rings
Explore More
Trending Topics
Kpop
Anime
Crossword
Disney
NBA
Marvel
Harry Potter
WWE
Puzzle
Country
Song
Soccer
Pokémon
The Office
NFL
hide this ad
More By:
Dan1996
Quiz
Plays
Rating
Category
Featured
Created
Bundesliga 2020-21 all Goal Scorers
2,489
4.50
Sports
Jun 15, 2021
100 Largest Cities in the European Union
2,170
4.08
Geography
Jun 9, 2014
UEFA Europa League Runners Up starting xis
1,776
5.00
Sports
Dec 10, 2014
Rangers FC first team squad
1,151
5.00
Sports
Oct 10, 2019
Premier League 2020-21 all Goal Scorers
1,052
5.00
Sports
May 27, 2021
Go to Creator's Profile
Score Distribution
Quiz Creator Spotlight
Dan1996
Follow
Send a Message
Quizzes Created
-
Created Quiz Play Count
-
More By This Creator
Popular Quizzes Today
1
Find the US States - No Outlines Minefield
2
Find the Countries of Europe - No Outlines Minefield
3
The Countries of the World
4
Popular People in 1961
5
1-10 Letter E Words III
6
US States
7
Find the US States
8
One Thing in Common: World Cities II
More Sports Quizzes
2019 MLB League Leaders (Batting)
Quiz Lab
Trending Quizzes
Risky Map Clicking: Least Populous States A-Z
1-10 Letter F Words
1-10 Letter G Words
One Thing in Common: United Kingdom
Risky Map Clicking: Next State Alphabetically
Recently Updated
Leaping Animals
pecheneg
Reality TV Shows (A-Z)
bhenderson79
Rickey Henderson's Hall of Fame Teammates
pecheneg
Champions League XIs: Arsenal
pecheneg
Quick Pick: Celebrities in WWE's Hall of Fame
aduchscher
A-Z Keypad Blitz II
pecheneg
Multiple Oscar Actors
pecheneg
Mystery Phrase Blitz: Oscar 'Best Actors'
pecheneg
F. Scott Fitzgerald Novels
LTH
Pick 3 Villains
ddd62291
Trending Topics
Anime
Marvel
NBA
Crossword
Kpop
Disney
Harry Potter
Soccer
The Office
NFL
Song
Puzzle
Country
WWE
Pokémon
Your Account Isn't Verified!
In order to create a playlist on Sporcle, you need to verify the email address you used during registration. Go to your
Sporcle Settings
to finish the process.
Report this User
Report this user for behavior that violates our
Community Guidelines
.
Details:
Send Report
Go to the Sporcle.com Mobile Site →
Comments